Las Incompatibilidades de autoridades y funcionarios / Enrique Serrano Guirado
Descripción Física:
215 p. ; 21 cm
MARC
| LEADER | 00000nam a2200000Ia 4500 | ||
|---|---|---|---|
| 001 | 14199 | ||
| 008 | 160829s1956 xx 000 0 cat d | ||
| 080 | |a M-4-166 | ||
| 100 | |a Serrano Guirado, Enrique |9 28281 | ||
| 245 | |a Las Incompatibilidades de autoridades y funcionarios / Enrique Serrano Guirado | ||
| 260 | |a Madrid : |b Instituto de Estudios Políticos, |c 1956 | ||
| 300 | |a 215 p. ; |c 21 cm | ||
| 590 | |a Notes, referències bibliogràfiques | ||
| 650 | |a Espanya |x Funcionaris i empleats |x Dret i legislació |9 28282 | ||
| 650 | |a Incompatibilitat de càrrecs |x Dret i legislació |x Espanya |9 28283 | ||
| 710 | 2 | |a Instituto de Estudios Políticos (Madrid) |9 54518 | |
| 901 | |a Arxiu | ||
| 942 | |n 1 | ||
| 952 | |0 0 |1 0 |4 0 |6 M4166 |7 1 |9 44758 |a Arxiu |b Arxiu |d 2016-12-01 |l 0 |o M-4-166 |p 14199 |r 2016-12-01 00:00:00 |w 2016-12-01 |y ARXIU | ||
| 999 | |c 47340 |d 47340 | ||